MARC

LEADER 00000nam a22000007a 4500
005 2017040101031.0
007 cr|||| ||||
008 170401s2017 pr |||||s|||| 00||0 spa d
035 |a 14889 
040 |a vLex 
090 |c 6623  |d 6623 
100 1 |a Ortega-Vľez, Ruth E. 
245 1 0 |a Doctrinas jurd̕icas del Tribunal Supremo de Puerto Rico  |h [Recurso electrn̤ico] /  |c Ruth E. Ortega-Vľez 
256 |a Servicio en ln̕ea 
260 |a Barcelona:  |b Editorial vLex,  |c 2017 
300 |a 1 recurso electrn̤ico 
506 1 |a Disponible solo en los productos indicados  |d vLex Global  |d vLex Global (Academic Edition, excluding Law Schools)  |d vLex Global (U.S. Academic Edition, Law Schools)  |d vLex Global (U.S. Academic Edition, excluding Law Schools)  |d vLex Global (Academic Edition, Law Schools) 
650 0 4 |a Derecho Civil  |z Puerto Rico 
650 0 4 |a Derecho Mercantil y de la Empresa  |z Puerto Rico 
650 0 4 |a Derecho Laboral y Seguridad Social  |z Puerto Rico 
650 0 4 |a Derecho Penal  |z Puerto Rico 
650 0 4 |a Derecho Fiscal  |z Puerto Rico 
650 0 4 |a Derecho Pb︢lico y Administrativo  |z Puerto Rico 
650 0 4 |a Financiero  |z Puerto Rico 
650 0 4 |a Derecho Constitucional  |z Puerto Rico 
650 0 4 |a Derecho del Medio Ambiente  |z Puerto Rico 
740 0 |a vLex Libros (Servicio en ln̕ea) 
856 4 0 |u http://vlex.com/source/doctrinas-juridicas-tribunal-supremo-puerto-rico-14889  |z Acceso restringido 
942 |c BOOK 
999 0 |a Civil Law 
999 0 |a Commercial and Company Law 
999 0 |a Labor Law and Social Security 
999 0 |a Criminal Law 
999 0 |a Tax Law 
999 0 |a Public and Administrative Law 
999 0 |a Financial 
999 0 |a Constitutional Law 
999 0 |a Environmental Law